Quizzes
Events
Quiz Creation
Community
Videos
Private Events
Remove Ads
Sign In
Join for FREE
Feedback
Dark Mode
Quiz Categories
Sports
Geography
Music
Movies
Television
Just For Fun
Miscellaneous
History
Literature
Language
Science
Gaming
Entertainment
Religion
Holiday
For Kids
Quiz Lab
Recent
Popular Today
Quiz Kudos Today
Editor Picks
Curator Picks
Quizzes by...
Day
Popularity
Type
Ratings
Length
Year
Community
Subscriptions
Recent Discussions
Orange Saloon
Badges
Playlists
Quests
Create
Leaderboards
Showdown
Live 5
Trivia Bingo
Activity
Puzzle Library
Sporcle Events
Private Events
Virtual Trivia
Globe League
Become a Host
Pub Owners
SporcleCon
Opinionation
Our Games
Videos
Blog
Mobile Apps
Partnerships
Remove Ads and Go Orange
Feedback
Sports
Athletes
MLB
NBA
NHL
NFL
Soccer
Sports Teams
WWE
NCAA
Football
Premier League
Basketball
Baseball
Hockey
Golf
Tennis
Cricket
Rugby
Auto Racing
Olympics
World Cup
Sports
Athletes
MLB
NBA
NHL
NFL
Soccer
Sports Teams
WWE
NCAA
Football
Premier League
Basketball
Baseball
Hockey
Golf
Tennis
Cricket
Rugby
Auto Racing
Olympics
World Cup
Random Quiz
Search Sporcle
×
Quiz Lab
Quiz Lab
Sports
Football
Type in answers that appear in a list
Type in answers that appear in a list
Classic
Best Score? Go Orange.
Virginia Tech Football All-Americans Stats
Can you name the Virginia Tech Football All-Americans?
By
Jodoma
10m
38 Questions
414 Plays
414 Plays
414 Plays
Comments
Comments
Give Quiz Kudos
Give Quiz Kudos
-
- Ratings
hide this ad
More Info
Replay
Link that replays current quiz
Next Quiz
Link to next quiz in quiz playlist
You Got
0%
They Got
Avg Score
35%
Avg Friend Score
Upgrade to see
Score Distribution
Jump to the score distribution portion of the page
Score
0/38
Timer
10:00
0
Plays Today
Year(s)
Player
% Correct
1999
Michael Vick
98.8%
1983, 1984
Bruce Smith
80%
1999
Jamel Smith
73.9%
1998
Derek Smith
73.7%
2009
Ryan Williams
72%
2005
Jimmy Williams
71.5%
2003
DeAngelo Hall
67.4%
2000, 2001
Ben Taylor
65.7%
2003
Kevin Jones
64.5%
2000
Lee Suggs
55.3%
2007
Xavier Adibi
50%
1998, 1999
Corey Moore
48.8%
2008
Macho Harris
48.8%
2006, 2007
Brandon Flowers
47.3%
1995, 1996
Cornell Brown
41.8%
1981
Robert Brown
40.6%
2000
Andre Davis
39.9%
2002, 2003
Jake Grove
37.9%
2005
Darryl Tapp
31.2%
Year(s)
Player
% Correct
1966, 1967
Frank Loria
27.3%
1993
Jim Pyne
27.1%
1958, 1959
Carroll Dale
22.7%
1999
John Engelberger
22.7%
2009
Cody Grimm
22.7%
1991
Eugene Chung
19.1%
1972
Don Strock
17.6%
2001
Ronyell Whitaker
16.2%
1999
Anthony Midget
14%
2001
David Pugh
11.4%
2002
Willie Pile
11.4%
1997
Pierson Prioleau
8.7%
1995
J.C. Price
8%
1986
Chris Kinzer
6.8%
2000
Matt Lehr
6.5%
1996
Billy Conaty
5.6%
1963, 1964
Bob Schweikert
3.6%
1968
Mike Widger
3.6%
1966
George Foussekis
3.1%
Quiz Playlist
Details
Report
Send in Message
Add To Playlist
More Info:
any selection committee, honorable mentions included
Classic:
Type in answers that appear in a list
Quiz Source
Last Updated: Feb 16, 2017
Quiz Scoreboard
CHALLENGE
Sign Up to Join the Scoreboard
Show All
Scores
Hide
Comments
May contain spoilers
Recently Published
1-10 Letter E Words III
by El_Dandy
Language
2m
One Thing in Common: World Cities II
by knightlancer
Geography
7m
Popular People in 1961
by mucciniale
History
6m
More to Explore
Quiz From the Vault
Featured Blog Post
Where Did the Easter Bunny Come From?
hide this ad
You Might Also Like...
Tags
Football Quiz
All-American
Player
tech
Virginia
Virginia Tech
Today's Top Quizzes in Sports
Browse Sports
hide this ad
Today's Top Quizzes in Football
Browse Football
Top Contributed Quizzes in Sports
1
Les meilleurs buteurs des matchs entre le PSG et l’OM
2
Les entraîneurs de l'OM et du PSG au 21e siècle
3
2022 World Cup Stars
4
FIFA Club World Cup Champions
5
Name the Premier League winners with different clubs
6
La finale Lions - Afrique du Sud 2021
7
Criteria MLB: Left Handed Sluggers
8
Players with Multiple 50 Home Run Seasons
9
MLB Players with Two .350 Batting Average Seasons
10
MLB Hall of Famer by Rings
Explore More
Trending Topics
Anime
Crossword
Disney
NBA
Marvel
Kpop
Harry Potter
NFL
The Office
Puzzle
Pokémon
WWE
Soccer
Country
Song
hide this ad
More By:
Jodoma
Quiz
Plays
Rating
Category
Featured
Created
Virginia Tech Football All-Americans
414
5.00
Sports
Apr 2, 2010
Go to Creator's Profile
Score Distribution
Quiz Creator Spotlight
Jodoma
Follow
Send a Message
Quizzes Created
-
Created Quiz Play Count
-
More By This Creator
Popular Quizzes Today
1
Find the US States - No Outlines Minefield
2
The Countries of the World
3
Popular People in 1961
4
Find the Countries of Europe - No Outlines Minefield
5
1-10 Letter E Words III
6
Find the US States
7
One Thing in Common: World Cities II
8
US States
More Sports Quizzes
Top 50 rookie seasons NHL - 2000's
Quiz Lab
Trending Quizzes
1-10 Letter F Words
1-10 Letter G Words
Risky Map Clicking: Next State Alphabetically
1-10 Letter F Words II
Risky Map Clicking: States by Unique Starting Letters
Recently Updated
Leaping Animals
pecheneg
Reality TV Shows (A-Z)
bhenderson79
Rickey Henderson's Hall of Fame Teammates
pecheneg
Champions League XIs: Arsenal
pecheneg
Quick Pick: Celebrities in WWE's Hall of Fame
aduchscher
A-Z Keypad Blitz II
pecheneg
Multiple Oscar Actors
pecheneg
Mystery Phrase Blitz: Oscar 'Best Actors'
pecheneg
F. Scott Fitzgerald Novels
LTH
Pick 3 Villains
ddd62291
Trending Topics
NBA
Kpop
Disney
Harry Potter
Crossword
Anime
Marvel
Song
Country
Pokémon
Soccer
NFL
WWE
Puzzle
The Office
Your Account Isn't Verified!
In order to create a playlist on Sporcle, you need to verify the email address you used during registration. Go to your
Sporcle Settings
to finish the process.
Report this User
Report this user for behavior that violates our
Community Guidelines
.
Details:
Send Report
Go to the Sporcle.com Mobile Site →
Comments